Richest Countries of the World in 1980 - Statistics

General Stats
  • This quiz has been taken 31 times
  • The average score is 16 of 20
Answer Stats
$ Country % Correct
$10,847 United States
96%
$9,445 Canada
93%
$8,415 Australia
85%
$8,622 France
85%
$7,841 Japan
85%
$8,803 Norway
85%
$8,722 Sweden
85%
$10,039 Switzerland
81%
$8,891 Denmark
78%
$7,678 Italy
78%
$9,140 Luxembourg
78%
$8,586 Netherlands
78%
$16,180 United Arab Emirates
78%
$8,034 Austria
74%
$8,985 Iceland
74%
$8,447 Belgium
70%
$7,749 Kuwait
70%
$16,800 Qatar
70%
$7,718 Saudi Arabia
70%
$9,311 West Germany
52%
No matching quizzes found
Score Distribution
Percent of People with Each Score
Percentile by Number Answered
Your Score History
You have not taken this quiz